El imperio romano
Saved in:
| Main Author: | |
|---|---|
| Format: | Book |
| Language: | Spanish |
| Published: |
Barcelona
Crítica
2016
|
| Edition: | 1a. ed |
| Series: | Tiempo de Historia
|
| Subjects: | |
| Tags: |
Add Tag
No Tags, Be the first to tag this record!
|
MARC
| LEADER | 00000cam a2200000 a 4500 | ||
|---|---|---|---|
| 001 | UCC3097 | ||
| 003 | CL-VaPUC | ||
| 008 | 180413e20160500sp |||||||||||||||||spa|d | ||
| 020 | |a 9788498929652 | ||
| 082 | 0 | 4 | |a 937 |b GRI |2 21 |
| 100 | |a Grimal, Pierre |e author |9 597164 | ||
| 245 | 1 | 3 | |a El imperio romano |
| 250 | |a 1a. ed | ||
| 300 | |a 253 p | ||
| 942 | |c BK | ||
| 945 | |d 20180413 15:45:00 |a arojas | ||
| 260 | |a Barcelona |b Crítica |c 2016 | ||
| 650 | 0 | |a Historia de Roma |9 315349 | |
| 650 | 0 | |a Historia antigua |9 267521 | |
| 650 | 0 | |a República |9 310048 | |
| 650 | 7 | |a EMPERADORES |2 CL-VaPUC |9 333943 | |
| 583 | |a last modification |c 20180413 15:45:00 |k Rodrigo Vera | ||
| 490 | 0 | |a Tiempo de Historia | |
| 999 | |c 370951 |d 370949 | ||
| 952 | |0 0 |1 0 |3 erb |4 0 |6 937_000000000000000_GRI_2016 |7 0 |8 A |9 487753 |a BIBHIS |b BIBHIS |i 5464587 |l 3 |o 937 GRI 2016 |p 5464587 |r 2025-01-20 |s 2023-10-30 |w 2019-11-24 |y BK |z Catalogado en:20180413 |k HIS | ||